| Tag |
First Indicator |
Second Indicator |
Subfields |
| LEADER |
00000cam a2200000 i 4500 |
| 001 |
in00004169421 |
| 008 |
190701s2019 sp a 000 0 spa |
| 005 |
20250318215109.1 |
| 010 |
|
|
|a 2019440346
|
| 020 |
|
|
|a 9788434313859
|
| 020 |
|
|
|a 8434313855
|
| 035 |
|
|
|a (OCoLC)on1122875361
|
| 035 |
|
|
|a (OCoLC)1122875361
|
| 040 |
|
|
|a DLC
|b eng
|e rda
|c DLC
|d OCLCF
|
| 042 |
|
|
|a pcc
|
| 050 |
0 |
0 |
|a NB813.C45
|b A6 2019
|
| 082 |
0 |
0 |
|a 730.92
|2 23
|
| 100 |
1 |
|
|a Chillida, Eduardo,
|d 1924-2002.
|
| 240 |
1 |
0 |
|a Works.
|k Selections
|
| 245 |
1 |
0 |
|a Chillida :
|b open-air sculptures /
|c photography by David Finn ; text by Giovanni Carandente ; reflections on the sculptures by Dena Merriam.
|
| 264 |
|
1 |
|a Barcelona :
|b Polígrafa ;
|a Zúrich :
|b Hauser & Wirth Publishers,
|c [2019]
|
| 300 |
|
|
|a 297 pages :
|b illustrations ;
|c 30 cm
|
| 336 |
|
|
|a text
|b txt
|2 rdacontent
|
| 336 |
|
|
|a still image
|b sti
|2 rdacontent
|
| 337 |
|
|
|a unmediated
|b n
|2 rdamedia
|
| 338 |
|
|
|a volume
|b nc
|2 rdacarrier
|
| 600 |
1 |
0 |
|a Chillida, Eduardo,
|d 1924-2002
|v Exhibitions.
|
| 600 |
1 |
7 |
|a Chillida, Eduardo,
|d 1924-2002.
|2 fast
|0 (OCoLC)fst00013011
|
| 655 |
|
7 |
|a Exhibition catalogs.
|2 fast
|0 (OCoLC)fst01424028
|
| 700 |
1 |
|
|a Finn, David,
|d 1952-
|
| 700 |
1 |
|
|a Carandente, Giovanni,
|e writer of added text.
|
| 852 |
8 |
|
|b pda,print
|z This title is available for the library to purchase for your use. Click the "Purchase It For Me" button to place a request. This item may take 5-10 business days to arrive.
|
| 955 |
|
|
|a Print PDA title
|
| 961 |
|
|
|m 565730
|
| 999 |
f |
f |
|s d230f893-b38a-4064-9e38-aa3ed19b8e6a
|i 4dfd3e00-113c-3bb4-861d-91e87d1e12f1
|t 0
|
| 952 |
f |
f |
|a Texas A&M University
|b College Station
|c Sterling C. Evans Library
|d Purchase on Demand
|t 0
|e NB813.C45 A6 2019
|h Library of Congress classification
|
| 998 |
f |
f |
|a NB813.C45 A6 2019
|t 0
|l Purchase on Demand
|